00671nam a2200205Ia 450000500170000000800410001702000180005804100120007608200160008810000260010424501630013025000120029326000370030530000200034265000140036265000240037665000150040070000240041570000260043920260429112114.0260429s9999||||xx |||||||||||||| ||und|| a9783031695407 aEnglish a370.15bHAT aHatzichristou, Chryse 0aHandbook of school psychology in the global context : btransnational approaches to support children, families and school communities / cChryse Hatzichristou a1st ed. aSwitzerland : bSpringer,c2024. axiv, 494 p.; hb a Children a School communities aPsychology a Jimerson, Shane R. a Nastasi, Bonnie Kaul